Pokémon - Les attaques de Vibraninf - Statistiques

Statistiques générales
  • Ce quiz a été pris 14 fois
  • Le résultat moyen est 15 sur 22
Statistiques - réponses
Niveaux Types Noms des attaques % Correct
Niveau 56 Dragon Draco-Charge
100%
Départ Évolution Dragon Draco-Souffle
100%
Départ Sol Jet de Sable
100%
Niveau 44 Sol Séisme
100%
Niveau 38 Sol Telluriforce
100%
Départ Sol Tunnel
100%
Départ Spectre Étonnement
83%
Départ Ténèbres Mâchouille
83%
Départ Ténèbres Morsure
83%
Niveau 32 Roche Tempête de Sable
83%
Niveau 16 Sol Tourbi-Sable
83%
Départ Sol Abîme
67%
Niveau 28 Insecte Bourdon
67%
Niveau 12 Sol Coud'Boue
67%
Niveau 20 Dragon Draco-Queue
67%
Départ Normal Ultrason
67%
Niveau 24 Normal Grincement
50%
Départ Sol Piétisol
50%
Niveau 62 Normal Bang Sonique
33%
Départ Combat Surpuissance
33%
Niveau 50 Normal Brouhaha
17%
Départ Normal Affilage
0%
Aucun quiz correspondant
Distribution des résultats
% des personnes avec chaque résultat
Percentile par nombre de réponses
Votre historique - résultats
Vous n’avez pas pris ce quiz